| 000 | 00688nam a2200193Ia 4500 | ||
|---|---|---|---|
| 003 | GCL | ||
| 008 | 140319s9999 xx 000 0 ara d | ||
| 040 |
_aGCL / _cGCL |
||
| 082 | 0 | 4 |
_a361 _bم خ |
| 100 | 1 | _aمحمد سلامة غبارى | |
| 245 | 1 | 0 |
_aالخدمة الاجتماعية ورعاية الشباب فى المجتعات الاسلامية / _cمحمد سلامة غبارى |
| 260 |
_a[S.N] : _bالمكتب الجامعى الحديث ، _c1989 |
||
| 300 | _a431 ص | ||
| 490 |
_aكتب الخدمة الاجتماعية _v0 |
||
| 650 | 0 | 4 | _aخدمة الفرد |
| 650 | 0 | 4 | _aالخدمة الاجتماعية |
| 650 | 0 | 4 | _aخدمة الجماعة |
| 942 |
_2ddc _cBK |
||
| 999 |
_c27974 _d27974 |
||